000 01580 am a2200373 a 4500
005 20240517133939.0
008 100407s2007||||ag ||||f |||| 000 0 spa d
020 _a9789501245448
041 _aspa
092 _c614
_l51
_sMAC
100 1 _aMaceira, Daniel
_eComp.
_9370
245 _aAtención Primaria en Salud.
_bEnfoques Interdisciplinarios /
_cDaniel Maceira
250 _a1a ed.
260 _aBuenos Aires:
_bPaidós;
_c2007.
300 _a240 p.
_c13x21 cm.
500 _aMaceira, D. (Comp.). et al. (2007). Atención Primaria en Salud. Enfoques Interdisciplinarios. (1a ed.). Buenos Aires : Paidós.
653 _aEstrategias comunicacionales en APS: el caso del programa de salud reproductiva de Mendoza
653 _aParticipar en salud: un proceso en permanente construcción
653 _aCapacitación de RR.HH en APS: una visión desde la educación médica
653 _aAPS y salud mental: la articulación entre dos utopías
653 _aBarreras invisibles y fracturas sociales: criminalización del uso de drogas y APS
653 _aAPS y gestión. Un enfoque de integración y acción
653 _aPropuestas de evaluación de estrategias de APS. Aplicación al caso de la ciudad de Buenos Aires
700 1 _aAndia, Ana María
_9371
700 1 _aCejas, Cintia A.
_9372
700 1 _aDurante, Eduardo
_9373
700 1 _aEpele, María
_9374
700 1 _aLignelli, Bárbara
_9375
700 1 _aRozemblat, Enrique E.
_9376
700 1 _aSolitario, Romina
_9377
700 1 _aStolkiner, Alicia
_9378
930 _a1849
942 _2ddc
_cBK
999 _c235
_d235